000 00306nam a22001337a 4500
008 181022b xxu||||| |||| 00| 0 eng d
020 _a002328318
041 _aeng
080 _27 ED
_a621
100 _a27
101 _aENG
245 _aMterials Processes Manufacturing
_cPaul.e.d
942 _2udc
_cBK
999 _c50346
_d50346